00482nam a2200145Ia 4500008004100000100002700041245010300068245002700171260005900198260000900257300001100266650001800277650001500295856002600310170221s9999 xx 000 0 und d aAngelos Konstantinidis aWhat Types of Learning may occur through Casual Use of a Social Network Site?The Case of Facebook  cAngelos Konstantinidis bOnline Journal of Communication and Media Technologies c2013 a33 : 4 xCommunication xMedia Arts uhttp://www.ojcmt.net/